| 000 | 00712nam a2200229 a 4500 | ||
|---|---|---|---|
| 999 |
_c5697 _d5697 |
||
| 001 | 5697 | ||
| 003 | BD-JhCC | ||
| 005 | 20190718134014.0 | ||
| 008 | 171219s2015 bg |||| ||a| 000 0 ben d | ||
| 020 | _a9847112012 | ||
| 035 | _a(BD-JhCC)5697 | ||
| 040 |
_aBD-JhCC _dBD-JhCC |
||
| 041 | _aben | ||
| 082 |
_a954.9204 _bBAN 2015 |
||
| 245 |
_aবঙ্গবন্ধুর ভাষণ / _cআনু মাহমুদ সম্পাদিত |
||
| 260 |
_aঢাকা : _bন্যাশনাল পাবলিকেশন, _c২০১৫. |
||
| 300 |
_a367 p. : _c21 cm. |
||
| 650 |
_aPolitics And Goverment _zBanglesh |
||
| 700 | _aমাহমুদ, আনু | ||
| 942 |
_2ddc _cBK _01 |
||